2000s Rock Songs by Opening Lyrics - Statistics

General Stats
  • This quiz has been taken 326 times
  • The average score is 8 of 20
Answer Stats
Lyrics Song % Correct
I walk a lonely road, the only road that I have ever known Boulevard of Broken Dreams
82%
Comin' out of my cage and I've been doing just fine Mr. Brightside
75%
Never made it as a wise man, I couldn't cut it as a poor man stealing How You Remind Me
63%
When I was a young boy, my father took me into the city to see a marching band Welcome to the Black Parade
56%
Look at the stars, look how they shine for you Yellow
54%
I'm tired of being what you want me to be Numb
49%
Her name is Noelle, I have a dream about her Teenage Dirtbag
49%
This ain't a song for the broken-hearted It's My Life
48%
Wake up, grab a brush and put a little makeup Chop Suey!
44%
How can you see into my eyes like open doors Bring Me to Life
43%
Psychic spies from China try to steal your mind's elation Californication
38%
Oh, well imagine as I'm pacing the pews in a church corridor I Write Sins Not Tragedies
34%
I ain’t happy, I’m feeling glad Clint Eastwood
29%
The secret side of me, I never let you see Monster
27%
I can’t escape this hell, so many times I've tried Animal I Have Become
25%
Hello there, the angel from my nightmares I Miss You
25%
Lay where you're laying, don’t make a sound Sex on Fire
15%
She says she’s no good with words, but I’m worse Dance Dance
11%
So lately, been wondering, who will be there to take my place Wherever You Will Go
11%
How can I decide what’s right when you're clouding up my mind? Decode
8%
No matching quizzes found
Score Distribution
Percent of People with Each Score
Percentile by Number Answered
Your Score History
You have not taken this quiz